Агроправила по растениеводству открытого грунта в совхозах и колонизационных поселках Комбината на 1936 год (Запись № 7460793)

Подробности
000 -МАРКЕР
контрольное поле 01495nam0a22003011 4500
001 - ИДЕНТИФИКАТОР ЗАПИСИ
контрольное поле rc\2796348
005 - ИДЕНТИФИКАТОР ВЕРСИИ
контрольное поле 20260407230928.0
035 ## - ДРУГИЕ СИСТЕМНЫЕ НОМЕРА
Идентификатор записи (NLR Aleph) 006922394
100 ## - ДАННЫЕ ОБЩЕЙ ОБРАБОТКИ
Данные общей обработки 20110915d1936 |||y0rusy50 ca
101 0# - ЯЗЫК РЕСУРСА
Язык текста, звукозаписи и т.д. русский
102 ## - СТРАНА ПУБЛИКАЦИИ ИЛИ ПРОИЗВОДСТВА
Страна публикации Российская Федерация
105 ## - ПОЛЕ КОДИРОВАННЫХ ДАННЫХ: ТЕКСТОВЫЕ МАТЕРИАЛЫ, МОНОГРАФИЧЕСКИЕ
Кодированные данные о монографическом текстовом документе a z 000yy
200 1# - ЗАГЛАВИЕ И СВЕДЕНИЯ ОБ ОТВЕТСТВЕННОСТИ
Основное заглавие Агроправила по растениеводству открытого грунта в совхозах и колонизационных поселках Комбината на 1936 год
Первые сведения об ответственности Беломорско-Балт. комбинат НКВД
Последующие сведения об ответственности [под общ. ред. и предисл.: Лесли С.М. ]
210 ## - ПУБЛИКАЦИЯ, РАСПРОСТРАНЕНИЕ И ДР.
Место издания, распространения и т.д. Медвежья гора
Имя издателя, распространителя и т. д. Сельхозотдел
Дата издания, распространения и т.д. 1936
Имя изготовителя тип. ББК НКВД
215 ## - ФИЗИЧЕСКАЯ ХАРАКТЕРИСТИКА
Специфическое обозначение материала и объем Обл., 200 с., 5 вкл. л. табл.
Размеры 14х11 см.
606 1# - НАИМЕНОВАНИЕ ТЕМЫ КАК ПРЕДМЕТ
Наименование темы Растениеводство
Тематический подзаголовок Агроправила
Географический подзаголовок Карельская АССР
Системный номер авторитетной/нормативной записи 2198984
Идентификатор авторитетной/нормативной записи RU\NLR\AUTH\6601556551
617 ## - ИЕРАРХИЧЕСКОЕ ГЕОГРАФИЧЕСКОЕ НАЗВАНИЕ, ИСПОЛЬЗУЕМОЕ КАК ПРЕДМЕТ
Страна
Другие географические объекты Европейская часть
-- Северо-Запад
Республика / штат / провинция и т.п. Карельская АССР
686 ## - ИНДЕКСЫ ДРУГИХ КЛАССИФИКАЦИЙ
Индекс П1(2Р31-6Кар)
702 #1 - ИМЯ ЛИЦА - ВТОРИЧНАЯ ОТВЕТСТВЕННОСТЬ
Начальный элемент ввода Лесли
Часть имени, кроме начального элемента ввода С. М.
Код отношения Автор введения, предисловия, примечания и т.п.
710 02 - НАИМЕНОВАНИЕ ОРГАНИЗАЦИИ - ПЕРВИЧНАЯ ОТВЕТСТВЕННОСТЬ
Начальный элемент ввода Беломорско-Балтийский комбинат
Системный номер авторитетной/нормативной записи 807780
Идентификатор авторитетной/нормативной записи RU\NLR\AUTH\8810156161
711 02 - НАИМЕНОВАНИЕ ОРГАНИЗАЦИИ - АЛЬТЕРНАТИВНАЯ ОТВЕТСТВЕННОСТЬ
Начальный элемент ввода Беломорско-Балтийский комбинат
Системный номер авторитетной/нормативной записи 807780
Идентификатор авторитетной/нормативной записи RU\NLR\AUTH\8810156161
801 #0 - ИСТОЧНИК ЗАПИСИ
Страна Российская Федерация
Организация NLR
Правила каталогизации psbo
801 #1 - ИСТОЧНИК ЗАПИСИ
Страна Российская Федерация
Организация ELAR
Источник данных rusmarc
801 #2 - ИСТОЧНИК ЗАПИСИ
Страна Российская Федерация
Организация NLR
Дата составления 20140924
Источник данных rusmarc
852 ## - МЕСТОНАХОЖДЕНИЕ И ШИФР ХРАНЕНИЯ
Идентификатор организации NLR
Шифр хранения (Call Number) 36-1/88
942 ## - ДОПОЛНИТЕЛЬНЫЕ ЭЛЕМЕНТЫ ЗАПИСИ (АБИС)
Тип экземпляра АБИС Книга
980 ## - КОЛЛЕКЦИЯ
Название коллекции Национальная библиография
Экземпляры
Тип экземпляра Дата поступления Библиотека постоянного хранения Библиотека текущего хранения Место хранения Шифр хранения Штрих-код Статус экземпляра
Книга 26.10.2013 РНБ (Садовая) РНБ (Садовая) Русский книжный фонд -Главное здание, Ленинский читальный зал 36-1/88 6922394-10